00559nam a2200169Ia 450000500170000000800410001708200190005810000130007724500580009025000160014826000350016430000120019950000620021194200060027395200950027999900150037420250306044427.0240331s9999 xx 000 0 und d bMAL22589a920 aMalar, M 0aSintanaiyalar Nietzsche:bSinthanaiyalar Varisai - 15 a3rd Edition aChennaibPrema Pirasuramc1993 a176 p., aBiography of German philosopher, poet and culture critic. cL 001040708LaWERCLbWERCLcSSCd2024-03-31l0o 920 MALp2589r2024-03-31w2024-03-31yL c4271d4271